00437pab a2200133 454500008004000000100002300040245012200063260000900185300001600194362001200210650002600222700002200248773003300270180718b2008 xxu||||| |||| 00| 0 eng d aBreul, Jonathan D. aFederal government reform: lessons from Clinton's "reinventing government" and Bush's "management agenda" initiatives c2008 ap.1009-026. aNov-Dec aAdministrative reform aKamensky, John M. aPublic Administration Review